000 01165cam a22003135a 4500
001 17350755
005 20180225143425.0
008 120618s2013 mau frbe 001 0 eng d
020 _a9781405197731
040 _aDLC
_cDLC
_dDLC
_dEG-ScBUE
_beng
082 0 4 _222
_a323.03
_bWIL
245 0 4 _aThe Wiley-Blackwell encyclopedia of social and political movements /
_cedited by David A. Snow ... [et al.].
246 3 0 _aEncyclopedia of social and political movements
246 1 4 _aEncyclopedia of social & political movements
260 _aMalden :
_bWiley-Blackwell,
_c2013.
300 _av. 2 ;
_c26 cm.
490 0 _aWiley-Blackwell encyclopedias in social science
504 _aIncludes bibliographical references and index.
505 2 _av. 2. F-Pe.
541 _aDonation from Bacca.
650 7 _aSocial movements
_vEncyclopedias.
_2BUEsh
650 7 _aSocial movements
_xPolitical aspects
_vEncyclopedias.
_2BUEsh
650 7 _aPolitical participation
_vEncyclopedias.
_2BUEsh
650 7 _aPolitical activists
_vEncyclopedias.
_2BUEsh
651 _2BUEsh
653 _bGGEN
_bBUSBOL
_cFebruary2018
700 1 _aSnow, David A.,
_eeditor.
942 _2ddc
999 _c26162
_d26134